Super Bowl Venues - Statistics

General Stats
  • This quiz has been taken 42 times
  • The average score is 32 of 62
Answer Stats
Hint State Answers % Correct
LIV Florida Hard Rock Stadium
83%
XI California Rose Bowl
78%
XIV California Rose Bowl
78%
XVII California Rose Bowl
78%
XXI California Rose Bowl
78%
XXVII California Rose Bowl
78%
50 California Levi's Stadium
75%
LX California Levi's Stadium
75%
LIII Georgia Mercedes-Benz Stadium
73%
LXII Georgia Mercedes-Benz Stadium
73%
XLVIII New Jersey MetLife Stadium
73%
LVI California SoFi Stadium
70%
LXI California SoFi Stadium
70%
XXXV Florida Raymond James Stadium
68%
XLIII Florida Raymond James Stadium
68%
LV Florida Raymond James Stadium
68%
LVII Arizona State Farm Stadium
68%
LII Minnesota U.S. Bank Stadium
68%
LVIII Nevada Allegiant Stadium
65%
XLVI Indiana Lucas Oil Stadium
65%
LIX Louisiana Caesars Superdome
63%
XL Michigan Ford Field
63%
LI Texas NRG Stadium
60%
XLV Texas Cowboys Stadium
55%
XLVII Louisiana Mercedes-Benz Superdome
55%
I California Los Angeles Memorial Coliseum
53%
VII California Los Angeles Memorial Coliseum
53%
XII Louisiana Louisiana Superdome
50%
XV Louisiana Louisiana Superdome
50%
XX Louisiana Louisiana Superdome
50%
XXIV Louisiana Louisiana Superdome
50%
XXXI Louisiana Louisiana Superdome
50%
XXXVI Louisiana Louisiana Superdome
50%
IV Louisiana Tulane Stadium
50%
VI Louisiana Tulane Stadium
50%
IX Louisiana Tulane Stadium
50%
XLII Texas University of Phoenix Stadium
45%
XLIX Arizona University of Phoenix Stadium
45%
II Florida Miami Orange Bowl
43%
III Florida Miami Orange Bowl
43%
V Florida Miami Orange Bowl
43%
X Florida Miami Orange Bowl
43%
XIII Florida Miami Orange Bowl
43%
XXXII California Qualcomm Stadium
43%
XXXVII California Qualcomm Stadium
43%
XXVI Minnesota Metrodome
40%
XVI Michigan Pontiac Silverdome
38%
XXVIII Georgia Georgia Dome
35%
XXXIV Georgia Georgia Dome
35%
VIII Texas Rice Stadium
33%
XLIV Florida Sun Life Stadium
33%
XVIII Florida Tampa Stadium
33%
XXV Florida Tampa Stadium
33%
XIX California Stanford Stadium
28%
XXIII Florida Joe Robbie Stadium
25%
XXIX Florida Joe Robbie Stadium
25%
XLI Florida Dolphin Stadium
23%
XXXVIII Texas Reliant Stadium
23%
XXX Arizona Sun Devil Stadium
23%
XXXIX Florida Alltel Stadium
20%
XXXIII Florida Pro Player Stadium
20%
XXII California San Diego-Jack Murphy Stadium
10%
No matching quizzes found
Score Distribution
Percent of People with Each Score
Percentile by Number Answered
Your Score History
You have not taken this quiz